<?xml version="1.0" encoding="UTF-8"?>
<collection xmlns:xsi="http://www.w3.org/2001/XMLSchema-instance" xsi:schemaLocation="http://www.loc.gov/MARC21/slim http://www.loc.gov/standards/marcxml/schema/MARC21slim.xsd" xmlns="http://www.loc.gov/MARC21/slim">
 <record>
  <leader>00000ctm a22000003a 4500</leader>
  <controlfield tag="001">UP-99796217612562832</controlfield>
  <controlfield tag="003">Buklod</controlfield>
  <controlfield tag="005">20170818110749.0</controlfield>
  <controlfield tag="006">t     r    |||| u|</controlfield>
  <controlfield tag="007">ta</controlfield>
  <controlfield tag="008">170818s2017    xx     d     r    |||| u|</controlfield>
  <datafield tag="035" ind1=" " ind2=" ">
   <subfield code="a">(iLib)UPD-00343312008</subfield>
  </datafield>
  <datafield tag="040" ind1=" " ind2=" ">
   <subfield code="a">DCHE</subfield>
   <subfield code="e">rda</subfield>
  </datafield>
  <datafield tag="041" ind1=" " ind2=" ">
   <subfield code="a">eng</subfield>
  </datafield>
  <datafield tag="090" ind1=" " ind2=" ">
   <subfield code="a">LG 993.5 2017 F66</subfield>
   <subfield code="b">G35</subfield>
  </datafield>
  <datafield tag="100" ind1="1" ind2=" ">
   <subfield code="a">Galingana,  Cara Lois T.</subfield>
   <subfield code="e">author.</subfield>
  </datafield>
  <datafield tag="245" ind1="1" ind2="0">
   <subfield code="a">History profiling and characterization of Isabela province's pansi cabagan miki</subfield>
   <subfield code="c">Cara Lois T. Galingana ; Benjamin A. Gonzales, adviser.</subfield>
  </datafield>
  <datafield tag="264" ind1=" " ind2="0">
   <subfield code="a">Quezon City</subfield>
   <subfield code="b">College of Home Economics, University of the Philippines Diliman</subfield>
   <subfield code="c">2017.</subfield>
  </datafield>
  <datafield tag="300" ind1=" " ind2=" ">
   <subfield code="a">xii, 78 leaves</subfield>
   <subfield code="b">color illustrations</subfield>
   <subfield code="c">28 cm +</subfield>
   <subfield code="e">1 CD ROM (4 3/4 in)</subfield>
  </datafield>
  <datafield tag="336" ind1=" " ind2=" ">
   <subfield code="a">text</subfield>
   <subfield code="2">rdacontent.</subfield>
  </datafield>
  <datafield tag="337" ind1=" " ind2=" ">
   <subfield code="a">unmediated</subfield>
   <subfield code="2">rdamedia.</subfield>
  </datafield>
  <datafield tag="338" ind1=" " ind2=" ">
   <subfield code="a">volume</subfield>
   <subfield code="2">rdacarrier.</subfield>
  </datafield>
  <datafield tag="502" ind1=" " ind2=" ">
   <subfield code="a">Thesis (B.S. Food Technology)--University of the Philippines Diliman.</subfield>
  </datafield>
  <datafield tag="520" ind1=" " ind2=" ">
   <subfield code="a">The history and quality profile of Pansit Cabagan miki and its production were documented in this study. Isabela Province's Pansi Cabagan is a noodle dish; with its miki (uncooked noodles) made from wheat flour mixed with water and lye. From interviews, three popular miki manufactures were identified. Manufacturing processes were documented and compared. Representative finished products from each manufacturer were tested for physicochemical, proximate, and microbial quality. The historical background of miki was collected from interviews. Locals claim that miki was first produced by a Chinese trader who introduced the traditional formulation of miki, along with the method of manual kneading with a wooden pole attached to the wall. Pansi Cabagan miki exhibited unique properties such as having a square-shaped cross-section and thickness of 1.85 to 2.30mm. L, a, and b color values were found to have high correlation to alkalinity (r = 0.99, r = 0.93, and r = 0.90, p &lt; 0.05, respectively), protein (r = 0.98; p &gt; 0.05), and ash content (r = 0.90, p &gt; 0.05). pH values of miki (8.90 to 9.63) were comparable to Asian alkaline noodles. Water activity values were high (0.65 to 0.72), and exceeded the expected range for dried noodles. Pansi Cabagan mikis moisture content (13.29 to 15.09%) was in between the ranges of dried and semi-dried noodles Fat content varied from 1.32 to 1.53%. Protein content ranged from 12.47 to 12.80%, which was typical for yellow alkaline noodles. Obtained ash content (1.08 to 2.29%) was higher than that of other Asian noodles. xiii Pansi Cabagan miki exceeded the acceptable microbial level for uncooked noodles for aerobic plate count (4.70 to 5.16 log cfug-1), but had yeast and mold counts (3.45 to 3.77 log cfug-1) that were within the standard range. Recommendations include producing a sensory profile for standardization and optimization of miki, and widening microbial parameters for shelf-life studies</subfield>
  </datafield>
  <datafield tag="650" ind1=" " ind2="0">
   <subfield code="a">Noodles</subfield>
   <subfield code="z">Philippines</subfield>
   <subfield code="z">Isabela Province.</subfield>
  </datafield>
  <datafield tag="700" ind1="1" ind2=" ">
   <subfield code="a">Gonzales, Benjamin A.</subfield>
   <subfield code="e">adviser.</subfield>
  </datafield>
  <datafield tag="905" ind1=" " ind2=" ">
   <subfield code="a">FI</subfield>
  </datafield>
  <datafield tag="905" ind1=" " ind2=" ">
   <subfield code="a">UP</subfield>
  </datafield>
  <datafield tag="852" ind1="0" ind2=" ">
   <subfield code="a">UPD</subfield>
   <subfield code="b">DCHE</subfield>
   <subfield code="h">LG 993.5 2017 F66</subfield>
   <subfield code="i">G35</subfield>
  </datafield>
  <datafield tag="942" ind1=" " ind2=" ">
   <subfield code="a">Thesis</subfield>
  </datafield>
 </record>
</collection>
